Départements Limitrophes Des Yvelines - Statistiques

Statistiques générales
  • Ce quiz a été pris 67 fois
  • Le résultat moyen est 5 sur 5
Statistiques - réponses
Départements % Correct
Val-d'Oise
95%
Eure
94%
Hauts-de-Seine
94%
Eure-et-Loir
92%
Essonne
88%
Aucun quiz correspondant
Distribution des résultats
% des personnes avec chaque résultat
Percentile par nombre de réponses
Votre historique - résultats
Vous n’avez pas pris ce quiz